|
|
|
|
| LEADER |
00000naa2a2200000 4500 |
| 001 |
426073 |
| 005 |
20231101074503.0 |
| 035 |
|
|
|a (RuTPU)RU\TPU\prd\84747
|
| 035 |
|
|
|a RU\TPU\prd\30155
|
| 090 |
|
|
|a 426073
|
| 100 |
|
|
|a 20100628a2004 k y0rusy50 ca
|
| 101 |
0 |
|
|a rus
|
| 102 |
|
|
|a RU
|
| 200 |
1 |
|
|a Расчетно-теоретический анализ распределения теплогидравлических параметров и концентрации раствореных примесей в горизонтальном парогенераторе ПГВ-1000М с помощью кода STEG
|f Н. Б. Трунов, В. И. Мелихов, О. И. Мелихов, Ю. В. Парфенов
|
| 225 |
1 |
|
|a Статьи
|
| 320 |
|
|
|a Библиогр.: 5 назв.
|
| 461 |
|
1 |
|0 (RuTPU)RU\TPU\prd\33
|x 0004-7163
|t Атомная энергия
|o теоретический и научно-технический журнал
|f Российская академия наук ; Министерство РФ по атомной энергии, ядерного общества
|d 1956-
|
| 463 |
|
1 |
|0 (RuTPU)RU\TPU\prd\84741
|t Т. 96, вып. 6
|v с. 448-451
|d 2004
|
| 610 |
1 |
|
|a теплогидравтический код STEG
|
| 610 |
1 |
|
|a теплогидравлические параметры
|
| 610 |
1 |
|
|a расчетно-теориетический анализ
|
| 610 |
1 |
|
|a примеси
|
| 610 |
1 |
|
|a концентрации
|
| 610 |
1 |
|
|a горизонтальные парогенераторы
|
| 610 |
1 |
|
|a моделирование
|
| 610 |
1 |
|
|a атомные электрические станции
|
| 675 |
|
|
|a 621.181
|v 3
|
| 701 |
|
1 |
|a Трунов
|b Н. Б.
|
| 701 |
|
1 |
|a Мелихов
|b В. И.
|
| 701 |
|
1 |
|a Мелихов
|b О. И.
|
| 701 |
|
1 |
|a Парфенов
|b Ю. В.
|
| 801 |
|
1 |
|a RU
|b 63413507
|c 20041122
|g PSBO
|
| 801 |
|
2 |
|a RU
|b 63413507
|c 20100628
|g RCR
|
| 942 |
|
|
|c BK
|